000 00275nam a2200121Ia 4500
005 20251222155141.0
008 251222s9999||||xx |||||||||||||| ||spa||
082 _aADM.80
100 _aEduardo Vargas Alvarado
245 0 _aMedicina Legal
264 _bTrillas
942 _cLIB
999 _c39201
_d39201